00615nam a2200133Ia 4500008004100000100003400041245010900075245014600184260005300330260001400383300000800397650001500405856006100420170221s9999 xx 000 0 und d aLudmila Nikolaevna Deputatova 4aThe Development of Management System of Intellectual Work for Increasing Energy Efficiency of Companies  cLudmila Nikolaevna Deputatova, Eugeniia Rinatovna Mukhina, Anna Valerevna Marinina, Vladimir Pavlovich Postnikov, Eugeniia Andreevna Lazukova bInternational Review of Management and Marketing cJune 2012 a4:1 xMarketing. uhttp://www.econjournals.com/index.php/irmm/issue/view/83